LEADER 02288 am 2200721 n 450 001 9910341157703321 005 20190812 010 $a2-38050-003-7 024 7 $a10.4000/books.pcjb.5278 035 $a(CKB)4100000009365836 035 $a(FrMaCLE)OB-pcjb-5278 035 $a(oapen)https://directory.doabooks.org/handle/20.500.12854/45611 035 $a(PPN)238688313 035 $a(EXLCZ)994100000009365836 100 $a20190920j|||||||| ||| 0 101 0 $afre 135 $auu||||||m|||| 181 $ctxt$2rdacontent 182 $cc$2rdamedia 183 $acr$2rdacarrier 200 10$aD?un monde à l?autre $eContacts et acculturation en Gaule méditerranéenne /$fMichel Bats 210 $aNaples $cPublications du Centre Jean Bérard$d2019 215 $a1 online resource (395 p.) 311 $a2-918887-17-X 606 $aExcavations (Archaeology)$zFrance, Southern 606 $aCultural relations 606 $aAcculturation$zGaul 607 $aGaul$xAntiquities 607 $aGaul$xCivilization 607 $aGaul$xRelations$zMediterranean Region 607 $aMediterranean Region$xRelations$zGaul 610 $aProtohistoire 610 $aPhocéens 610 $aanthropologie 610 $aéchanges 610 $acommerce 610 $aidentité culturelle 610 $aarchéologie 610 $aÉtrusques 615 0$aExcavations (Archaeology) 615 0$aCultural relations. 615 0$aAcculturation 700 $aBats$b Michel$0241285 701 $aBats$b Michel$0241285 701 $aBoissinot$b Philippe$01300834 701 $aBouet$b Alain$0739179 701 $aBrun$b Jean-Pierre$0328739 701 $aDe Hoz$b Javier$01300842 701 $ad?Agostino$b Bruno$0158502 701 $aGras$b Michel$0152295 701 $aGreco$b Emanuele$034154 701 $aPy$b Michel$0172460 701 $aRouillard$b Pierre$0207056 701 $aRoure$b Réjane$01293546 701 $aSchnapp$b Alain$0166934 701 $aSourisseau$b Jean-Christophe$01297813 701 $aTréziny$b Henri$0421889 701 $aVerdin$b Florence$01304005 801 0$bFR-FrMaCLE 906 $aBOOK 912 $a9910341157703321 996 $aD?un monde à l?autre$93027255 997 $aUNINA LEADER 00997nam0-22003131i-450 001 990005634840403321 005 20230927104902.0 010 $a0-8240-2692-6 035 $a000563484 035 $aFED01000563484 035 $a(Aleph)000563484FED01 035 $a000563484 100 $a19990604d1977----km-y0itay50------ba 101 0 $aeng 105 $ayf--r---00--- 200 1 $aRubens and the Counter Reformation$eStudies in his religious Paintings between 1609 and 1620$fThomas L. Glen 210 $aNew York-London$cGarland$d1977 215 $aXII, 308 p., 80 tav.$d21 cm 225 1 $a<>Garland series$eoutstanding dissertations in the fine arts 610 0 $aRubens, Peter Paul 676 $a709$v21$zita 700 1$aGlen,$bThomas L.$0217333 801 0$aIT$bUNINA$gRICA$2UNIMARC 901 $aBK 912 $a990005634840403321 952 $a709/C GARL 01 (32)$bST.ARTE 13824$fFLFBC 959 $aFLFBC 996 $aRubens and the Counter Reformation$9605355 997 $aUNINA